000 00522nam a2200217Ia 4500
003 OSt
005 20220928143400.0
006 a|||||r|||| 00| 0
007 ta
008 220927b |||||||| |||| 00| 0 eng d
024 _a21768
037 _cTextual
040 _aSDCL
_cSDCL
_beng
041 _2eng
_aeng
082 _aQv, M4
100 _aHopkins E W
_9505154
245 0 _aOrigin and evolution of religion.
260 _c1984
942 _hQv, M4
_cTEXL
_2CC
999 _c823790
_d823790